Konstrukce počítačů 1

Saved in:
Bibliographic Details
Main Author: Brachtl, Ivo (Author)
Format: Book
Language:Czech
Published: Praha : České vysoké učení technické v Praze, 1985
Edition:1. vyd.
Tags: Add Tag
No Tags, Be the first to tag this record!

MARC

LEADER 00000nam a22000003a 4500
001 stu25792
005 20150617225745.6
008 980527s1985------------------------cze-d
040 |a STU  |b slo 
041 0 |a cze 
100 1 |a Brachtl, Ivo  |4 aut 
245 1 |a Konstrukce počítačů 1 
250 |a 1. vyd. 
260 |a Praha :  |b České vysoké učení technické v Praze,  |c 1985 
300 |a 82 s 
996 |b 284ES13483  |c E*S-22659  |l EE01  |s A  |a 24  |w stu25792_0001 
996 |b I10012  |l II680  |s A  |a 24  |w stu25792_0002 
996 |b 284ES13484  |c E*S-22657  |l EE01  |s A  |a 24  |w stu25792_0003 
996 |b 284ES13482  |c E*S-22658  |l EE01  |s A  |a 24  |w stu25792_0004